Online
Catalog

Bioquímica. / (Record no. 40027)

MARC details
000 -CABECERA
campo de control de longitud fija 00714nam a2200217 a 4500
001 - NÚMERO DE CONTROL
campo de control 000040537
005 - FECHA Y HORA DE LA ÚLTIMA TRANSACCIÓN
campo de control 20201002034210.0
008 - DATOS DE LONGITUD FIJA--INFORMACIÓN GENERAL
campo de control de longitud fija 130830s2008 sp a 001 0 spa d
020 ## - NÚMERO INTERNACIONAL ESTÁNDAR DEL LIBRO
Número Internacional Estándar del Libro 9788429176001
040 ## - FUENTE DE LA CATALOGACIÓN
Centro catalogador/agencia de origen DO-SdBNP
Lengua de catalogación spa
Centro/agencia transcriptor BNPHU
082 ## - NÚMERO DE LA CLASIFICACIÓN DECIMAL DEWEY
Número de clasificación xxx
Número de documento/Ítem xxxx
100 1# - ENTRADA PRINCIPAL--NOMBRE DE PERSONA
Nombre de persona Berg, Jeremy M.
9 (RLIN) 66849
240 10 - TÍTULO UNIFORME
Título uniforme Biochemistry
245 10 - MENCIÓN DE TÍTULO
Título Bioquímica. /
Mención de responsabilidad, etc. Jeremy M. Berg, John L. Tymoczko, Lubert Stryer; traducción, José María Macarrulla.
250 ## - MENCIÓN DE EDICIÓN
Mención de edición 6ta. ed.
260 ## - PUBLICACIÓN, DISTRIBUCIÓN, ETC.
Lugar de publicación, distribución, etc. Barcelona, España :
Nombre del editor, distribuidor, etc. Reverté,
Fecha de publicación, distribución, etc. 2008.
500 ## - NOTA GENERAL
Nota general La biblioteca posee la reimpresión del 2011
700 1# - PUNTO DE ACCESO ADICIONAL--NOMBRE DE PERSONA
Nombre de persona Macarrulla, José María
Término indicativo de función/relación trad.
9 (RLIN) 66850
700 1# - PUNTO DE ACCESO ADICIONAL--NOMBRE DE PERSONA
Nombre de persona Tymoczko, John L.
9 (RLIN) 66851
700 1# - PUNTO DE ACCESO ADICIONAL--NOMBRE DE PERSONA
Nombre de persona Stryer, Lubert
9 (RLIN) 66852
Holdings
Estado de retiro Estado de pérdida Restricciones de uso No para préstamo Código de colección Localización permanente Ubicación/localización actual Ubicación en estantería Fecha de adquisición Número de inventario Total de préstamos Signatura topográfica completa Código de barras Fecha visto por última vez Precio válido a partir de Tipo de ítem Koha
      Excluido de préstamo Monografías: Libros y Folletos General General En catalogación 30.08.2013 LF1   xxx xxxx 40537-10 25.06.2020 25.06.2020 No se presta

Powered by Koha